L´office de la semaine-sainte a l´usage de la maison du roy (Record no. 8269)

MARC details
000 -CABECERA
campo de control de longitud fija 01329nam a2200313 a 4500
001 - NÚMERO DE CONTROL
campo de control BRCA_8606
005 - FECHA Y HORA DE LA ÚLTIMA TRANSACCIÓN
campo de control 20190320210337.0
008 - DATOS DE LONGITUD FIJA--INFORMACIÓN GENERAL
campo de control de longitud fija 070916s1784----fr-a######---#000-0#fre-#
041 ## - CÓDIGO DE LENGUA
Código de lengua del texto/banda sonora o título independiente fre
044 ## - CÓDIGO DEL PAÍS DE LA ENTIDAD EDITORA/PRODUCTORA
Código MARC del país fr
050 #4 - SIGNATURA TOPOGRÁFICA DE LA BIBLIOTECA DEL CONGRESO
Número de clasificación BX2010
Número de documento/Ítem .B45
-- 1748
100 1# - ENTRADA PRINCIPAL--NOMBRE DE PERSONA
Nombre de persona Bellegarde, Monsieur L´abbé de
9 (RLIN) 21513
245 10 - MENCIÓN DE TÍTULO
Título L´office de la semaine-sainte a l´usage de la maison du roy
Resto del título conformément aux breviaire & messels romain & parisien
Mención de responsabilidad, etc. Monsieur L´abbé de Bellegarde.
260 ## - PUBLICACIÓN, DISTRIBUCIÓN, ETC.
Lugar de publicación, distribución, etc. París
Nombre del editor, distribuidor, etc. Jacques-francois collombat
Fecha de publicación, distribución, etc. 1748
300 ## - DESCRIPCIÓN FÍSICA
Extensión 672 p.
Otras características físicas il.
Dimensiones 22 cm
500 ## - NOTA GENERAL
Nota general Fondo antiguo
500 ## - NOTA GENERAL
Nota general Se encuentra en Caja Fuerte
500 ## - NOTA GENERAL
Nota general COE-108
500 ## - NOTA GENERAL
Nota general Portada arquitectonica y grabado en las primeras páginas
500 ## - NOTA GENERAL
Nota general Contiene prefacio
500 ## - NOTA GENERAL
Nota general Texto impreso a dos columnas
500 ## - NOTA GENERAL
Nota general Nota de encuadernación: piel con dorados, edición de cantos dorados
505 0# - NOTA DE CONTENIDO CON FORMATO
Nota de contenido con formato Contiene: Avec l´explication des cerémonies de l´eglise, et des instructions, prieres & courtes reflexions ser les mystéres & offices que i´on celebre dans cette sainte semaine
506 0# - NOTA DE RESTRICCIONES AL ACCESO
Limitaciones de acceso Fondo reservado: para su consulta es necesario credencial de usuario y carta de motivos
546 ## - NOTA DE LENGUA/LENGUAJE
Nota de lengua/lenguaje Texto en latín y francés
650 14 - PUNTO DE ACCESO ADICIONAL DE MATERIA--TÉRMINO DE MATERIA
Término de materia o nombre geográfico como elemento de entrada Cuaresma
Término indicativo de función/relación Semana Santa
Subdivisión general Liturgia
9 (RLIN) 21514
902 ## - CATALOGADOR
Iniciales LAR
942 ## - ELEMENTOS DE PUNTO DE ACCESO ADICIONAL (KOHA)
Fuente del sistema de clasificación o colocación Library of Congress Classification
Tipo de ítem Koha Libros
Holdings
Estado de retiro Estado de pérdida Estado dañado No para préstamo Localización permanente Ubicación/localización actual Fecha de adquisición Número de inventario Total de préstamos Signatura topográfica completa Código de barras Fecha visto por última vez Fecha del último préstamo Precio válido a partir de Tipo de ítem Koha
El ejemplar forma parte de la colección y puede ser consultado según las políticas vigentes.       Biblioteca del Museo Franz Mayer (Rogerio Casas-Alatriste) Biblioteca del Museo Franz Mayer (Rogerio Casas-Alatriste) 07/09/2016 COE-108 1 BX2010 .B45 1748 (COE-108) LAR00117 08/10/2021 08/10/2021 22/03/2019 Libros